Taliban : militant Islam, oil, and fundamentalism in Central Asia (Record no. 11661)

000 -LEADER
fixed length control field 00397nam a22001457a 4500
022 ## - INTERNATIONAL STANDARD SERIAL NUMBER
International Standard Serial Number 9781845117887
082 ## - DEWEY DECIMAL CLASSIFICATION NUMBER
Classification number 958.104 RAS
100 ## - MAIN ENTRY--PERSONAL NAME
Personal name Rashid, Ahmed
245 ## - TITLE STATEMENT
Title Taliban : militant Islam, oil, and fundamentalism in Central Asia
260 ## - PUBLICATION, DISTRIBUTION, ETC.
Place of publication, distribution, etc. New York
Name of publisher, distributor, etc. IBT Publishing
Date of publication, distribution, etc. 2008
300 ## - PHYSICAL DESCRIPTION
Extent xxiii, 276p. :
Accompanying material 22 cm
650 ## - SUBJECT ADDED ENTRY--TOPICAL TERM
Topical term or geographic name entry element Islamic fundamentalism
700 ## - ADDED ENTRY--PERSONAL NAME
Personal name Ahmed Rashid
942 ## - ADDED ENTRY ELEMENTS (KOHA)
Koha item type Book
Holdings
Withdrawn status Lost status Damaged status Not for loan Collection code Permanent Location Current Location Shelving location Date acquired Source of acquisition Cost, normal purchase price Total Checkouts Total Renewals Full call number Barcode Date last seen Date last checked out Price effective from Koha item type
          Central Library (CL) Central Library (CL) General Stacks 03/22/2013 Allied Book Company 662.30 11 2 958.104 RAS SEECS012146 09/10/2023 02/20/2023 03/26/2013 Book
© 2023 Central Library, National University of Sciences and Technology. All Rights Reserved.